[Event "Arco Christmas op 9th"]
[Site "Arco"]
[Date "2018.12.28"]
[Round "4"]
[White "Pojer, Romeo"]
[Black "Tirelli, Mauro"]
[Result "1/2-1/2"]
[WhiteElo "2040"]
[BlackElo "2240"]
[PlyCount "73"]
[EventDate "2018.12.26"]
[EventType "swiss"]
[EventRounds "7"]
[EventCountry "ITA"]
[SourceTitle "CBM 188 Extra"]
[Source "ChessBase"]
[SourceDate "2019.02.26"]
[SourceVersion "1"]
[SourceVersionDate "2019.02.26"]
[SourceQuality "1"]

1. e4 c5 2. Nf3 Nc6 3. d4 cxd4 4. Nxd4 Nf6 5. Nc3 e5 6. Ndb5 d6 7. Bg5 a6 8. Na3 b5 9. Nd5 Be7 10. Bxf6 Bxf6 11. c3 0-0 12. Nc2 Rb8 13. Bd3 Be6 14. Nce3 Bg5 15. 0-0 Ne7 16. Qe2 Bxd5 17. exd5 f5 18. a4 e4 19. Bb1 Qb6 20. axb5 axb5 21. g4 Rbe8 22. Nxf5 Nxf5 23. gxf5 Rxf5 24. Bxe4 Rfe5 25. Qg4 h5 26. Qxh5 Bh6 27. Bf5 Qc5 28. Qg6 Qxd5 29. Qh7+ Kf8 30. Bg4 Rg5 31. h3 Qf3 32. Qh8+ Kf7 33. Ra7+ Kf6 34. Qxe8 Rxg4+ 35. hxg4 Qxg4+ 36. Kh1 Qf3+ 37. Kg1 1/2-1/2

[Event "Arco Christmas op 9th"]
[Site "Arco"]
[Date "2018.12.26"]
[Round "1"]
[White "Damia, Angelo"]
[Black "Pojer, Romeo"]
[Result "1-0"]
[WhiteElo "2261"]
[BlackElo "2040"]
[PlyCount "103"]
[EventDate "2018.12.26"]
[EventType "swiss"]
[EventRounds "7"]
[EventCountry "ITA"]
[SourceTitle "CBM 188 Extra"]
[Source "ChessBase"]
[SourceDate "2019.02.26"]
[SourceVersion "1"]
[SourceVersionDate "2019.02.26"]
[SourceQuality "1"]

1. e4 c5 2. a3 g6 3. d4 Bg7 4. dxc5 Na6 5. Bxa6 bxa6 6. Ne2 Bb7 7. Nbc3 Nf6 8. f3 0-0 9. Be3 Qc7 10. 0-0 Rfd8 11. Qe1 a5 12. Nb5 Qe5 13. Bd4 Qb8 14. Qxa5 a6 15. Nbc3 Bc6 16. Rab1 Ne8 17. Bxg7 Kxg7 18. Nd5 e6 19. Qc3+ f6 20. Nb6 Ra7 21. Nd4 Nc7 22. Nxc6 dxc6 23. Rbd1 Nb5 24. Qc4 Kf7 25. a4 Nd6 26. Qc3 Re7 27. Rd4 Nb7 28. Rfd1 Rxd4 29. Qxd4 a5 30. Nd7 Qf4 31. e5 Qxd4+ 32. Rxd4 fxe5 33. Nxe5+ Kf6 34. Nxc6 Rc7 35. Rf4+ Kg5 36. Rg4+ Kf6 37. Rf4+ Kg5 38. Nd4 Kxf4 39. Nxe6+ Ke3 40. Nxc7 Nxc5 41. Nd5+ Kd2 42. c3 Nb3 43. Nb6 Kc2 44. Nc4 Kd3 45. Na3 Kd2 46. Kf1 Nc5 47. Nc4+ Kd3 48. Ne5+ Kc2 49. b4 axb4 50. cxb4 Nxa4 51. Nd7 Kc3 52. b5 1-0

[Event "Ortisei Server24 op 4th"]
[Site "Ortisei"]
[Date "2018.06.16"]
[Round "1"]
[White "Pojer, Romeo"]
[Black "Vaishali, Ramesh Babu"]
[Result "0-1"]
[WhiteElo "2070"]
[BlackElo "2310"]
[PlyCount "68"]
[EventDate "2018.06.16"]
[EventType "tourn"]
[EventRounds "9"]
[EventCountry "ITA"]
[SourceTitle "CBM 185 Extra"]
[Source "ChessBase"]
[SourceDate "2018.07.29"]
[SourceVersion "1"]
[SourceVersionDate "2018.07.29"]
[SourceQuality "1"]

1. e4 e5 2. Nf3 Nc6 3. Bc4 Nf6 4. d3 Bc5 5. Nc3 h6 6. Be3 Bb6 7. Qd2 d6 8. 0-0-0 Be6 9. Rhe1 Ba5 10. Bxe6 fxe6 11. Qe2 Bxc3 12. bxc3 0-0 13. Rg1 d5 14. Bc5 Rf7 15. g4 Nd7 16. Be3 Qf8 17. Rg3 d4 18. cxd4 Qa3+ 19. Kb1 Nb6 20. Bc1 Qb4+ 21. Ka1 Rxf3 22. c3 Qxc3+ 23. Bb2 Nxd4 24. Qxf3 Qb4 25. Bxd4 Qxd4+ 26. Kb1 Na4 27. Rd2 Qb4+ 28. Kc1 Qa3+ 29. Kd1 Nc3+ 30. Kc2 Rd8 31. g5 Rd6 32. d4 Qxa2+ 33. Kxc3 Rc6+ 34. Kd3 Qa6+ 0-1

[Event "Caldaro Puntay op-A 1st"]
[Site "Caldaro"]
[Date "2016.10.23"]
[Round "5"]
[White "Wertjanz, David"]
[Black "Pojer, Romeo"]
[Result "0-1"]
[WhiteElo "2332"]
[BlackElo "2084"]
[PlyCount "162"]
[EventDate "2016.10.21"]
[EventType "swiss"]
[EventRounds "5"]
[EventCountry "ITA"]
[SourceTitle "EXT 2018"]
[Source "ChessBase"]
[SourceDate "2017.10.13"]
[SourceVersion "1"]
[SourceVersionDate "2017.10.13"]
[SourceQuality "1"]

1. e4 d6 2. d4 Nf6 3. Nc3 g6 4. Nf3 Bg7 5. Be2 0-0 6. 0-0 a6 7. Re1 Nc6 8. d5 Ne5 9. Nxe5 dxe5 10. Be3 Ne8 11. Qd2 Nd6 12. Rad1 e6 13. dxe6 fxe6 14. Bc5 Qf6 15. Bxd6 Qxf2+ 16. Kh1 cxd6 17. Qxd6 b5 18. Rf1 Qe3 19. Qc6 Rb8 20. Rxf8+ Bxf8 21. Rf1 Qc5 22. Qe8 Qe7 23. Qxe7 Bxe7 24. Rd1 Kf7 25. Kg1 Bc5+ 26. Kf1 Ke7 27. Bf3 Bb7 28. Ke2 Bc6 29. Rd2 Rf8 30. Nd1 h5 31. c3 a5 32. Ne3 Be8 33. Rd1 g5 34. g4 h4 35. a3 a4 36. Nc2 Bc6 37. Nb4 Bb7 38. Nd3 Bd6 39. Ke3 Rc8 40. Be2 Bb8 41. Bf3 Rc4 42. Nb4 Ba7+ 43. Kd2 Rc8 44. Be2 Rf8 45. Bxb5 Rf2+ 46. Ke1 Bxe4 47. Rd7+ Kf6 48. Rxa7 Rxh2 49. Be8 Bg6 50. Bxg6 Kxg6 51. Nc6 Kf6 52. Rh7 Rxb2 53. c4 Rc2 54. Na5 Kg6 55. Rh8 Kg7 56. Rh5 Kg6 57. Kd1 Rc3 58. Kd2 Rxa3 59. c5 e4 60. Nc4 Rd3+ 61. Kc2 Rd5 62. Kc3 Rxc5 63. Kd4 Rb5 64. Kxe4 a3 65. Rh8 Rb4 66. Kd4 Ra4 67. Rg8+ Kf6 68. Rf8+ Ke7 69. Rf1 a2 70. Ra1 h3 71. Kc5 h2 72. Ne5 h1Q 73. Rxh1 a1Q 74. Nc6+ Kf6 75. Rh6+ Kg7 76. Rxe6 Qc3+ 77. Kd5 Qd3+ 78. Kc5 Qc4+ 79. Kd6 Ra6 80. Re7+ Kf6 81. Ra7 Qd4+ 0-1

[Event "Caldaro Puntay op-A 1st"]
[Site "Caldaro"]
[Date "2016.10.22"]
[Round "3"]
[White "Beck, Gerald"]
[Black "Pojer, Romeo"]
[Result "0-1"]
[WhiteElo "1903"]
[BlackElo "2084"]
[PlyCount "54"]
[EventDate "2016.10.21"]
[EventType "swiss"]
[EventRounds "5"]
[EventCountry "ITA"]
[SourceTitle "EXT 2018"]
[Source "ChessBase"]
[SourceDate "2017.10.13"]
[SourceVersion "1"]
[SourceVersionDate "2017.10.13"]
[SourceQuality "1"]

1. c4 g6 2. g3 Bg7 3. Nc3 d6 4. Bg2 c5 5. Nf3 Nc6 6. 0-0 e6 7. e3 Nge7 8. d4 0-0 9. Rb1 b6 10. b3 Bb7 11. Bb2 Qb8 12. dxc5 dxc5 13. Ne4 e5 14. Qe2 Nb4 15. Nc3 a6 16. Rbd1 Re8 17. Rd7 Bc6 18. Rd2 e4 19. Ne1 Qb7 20. f3 exf3 21. Bxf3 Nf5 22. Ng2 Nd4 23. Rxd4 cxd4 24. Nd5 Nxd5 25. cxd5 Bxd5 26. Bxd5 Qxd5 27. Qd3 Qb5 0-1

[Event "Caldaro Puntay op-A 1st"]
[Site "Caldaro"]
[Date "2016.10.21"]
[Round "1"]
[White "Cancian, Loris"]
[Black "Pojer, Romeo"]
[Result "1-0"]
[WhiteElo "1856"]
[BlackElo "2084"]
[PlyCount "99"]
[EventDate "2016.10.21"]
[EventType "swiss"]
[EventRounds "5"]
[EventCountry "ITA"]
[SourceTitle "EXT 2018"]
[Source "ChessBase"]
[SourceDate "2017.10.13"]
[SourceVersion "1"]
[SourceVersionDate "2017.10.13"]
[SourceQuality "1"]

1. b3 e5 2. Bb2 Nc6 3. e3 d5 4. Bb5 Bd6 5. Nf3 Qe7 6. d3 Nf6 7. Nbd2 0-0 8. Bxc6 bxc6 9. 0-0 a5 10. c4 Ba6 11. c5 Bxc5 12. Nxe5 Bd6 13. Nxc6 Qe8 14. Qc2 Bxd3 15. Qxd3 Qxc6 16. Nf3 Qa6 17. Qf5 Qc8 18. Qd3 Qg4 19. Rac1 Rfd8 20. Rfd1 a4 21. b4 Qxb4 22. Bxf6 gxf6 23. Nd4 c5 24. Nc6 Qg4 25. Nxd8 Rxd8 26. h3 Qe6 27. Qb5 a3 28. Qa5 Re8 29. Qxa3 Qe5 30. g3 Qf5 31. Kg2 Qe4+ 32. Kg1 Qf3 33. Qa4 Re4 34. Qc2 Re5 35. Rd2 Rg5 36. Qd1 Qe4 37. a4 h5 38. Qc2 Qf3 39. Qd1 Qe4 40. Qc2 Qe6 41. h4 Re5 42. Qd1 c4 43. Qf3 Rf5 44. Qe2 Bb4 45. Rb2 Bc5 46. Rb5 d4 47. Qxc4 dxe3 48. Qxe6 exf2+ 49. Kf1 fxe6 50. Rbxc5 1-0

[Event "Trentino Province-ch"]
[Site "Aldeno"]
[Date "2015.01.25"]
[Round "4"]
[White "La Manna, Andrea"]
[Black "Pojer, Romeo"]
[Result "1-0"]
[WhiteElo "2184"]
[BlackElo "2084"]
[PlyCount "125"]
[EventDate "2015.01.23"]
[EventType "swiss"]
[EventRounds "5"]
[EventCountry "ITA"]
[SourceTitle "EXT 2019"]
[Source "ChessBase"]
[SourceDate "2018.10.10"]
[SourceVersion "1"]
[SourceVersionDate "2018.10.10"]
[SourceQuality "1"]

1. d4 Nf6 2. c4 g6 3. Nc3 Bg7 4. e4 d6 5. f3 0-0 6. Be3 Nc6 7. Nge2 a6 8. Qd2 Rb8 9. Rc1 Bd7 10. Nd1 Re8 11. b3 b5 12. c5 dxc5 13. Rxc5 e6 14. g3 Bf8 15. Rc2 a5 16. Bg2 a4 17. bxa4 bxa4 18. 0-0 Nb4 19. Rc1 Bb5 20. Ndc3 c5 21. Nxb5 Rxb5 22. Rfd1 cxd4 23. Nxd4 Rb8 24. Qe2 Qa5 25. a3 Na6 26. Nc6 Qb5 27. Qxb5 Rxb5 28. Bf1 Rb3 29. Bd4 Rxf3 30. Bxf6 Rxf6 31. Bxa6 Bxa3 32. Rc4 e5 33. Bb7 Ree6 34. Rf1 Bd6 35. Rxf6 Rxf6 36. Rxa4 Bc5+ 37. Kg2 Rf2+ 38. Kh1 Rb2 39. Rc4 Bd6 40. Bc8 Kg7 41. Rc3 Rd2 42. Ba6 f5 43. Rd3 Rxd3 44. Bxd3 fxe4 45. Bxe4 Kf6 46. Kg2 h5 47. Kf3 g5 48. h3 Bc7 49. Nb4 Bd6 50. Nd3 Be7 51. Bc6 Bd6 52. Ke4 Bc7 53. Be8 h4 54. g4 Bd6 55. Kd5 Bc7 56. Nf2 Kg7 57. Ne4 Kh6 58. Ke6 Bb8 59. Bh5 Bc7 60. Kf7 Bd8 61. Bg6 Be7 62. Kxe7 Kxg6 63. Ke6 1-0

[Event "Trentino Province-ch"]
[Site "Aldeno"]
[Date "2015.01.23"]
[Round "1"]
[White "Pojer, Romeo"]
[Black "Martinelli, Michele"]
[Result "1-0"]
[WhiteElo "2084"]
[BlackElo "1756"]
[PlyCount "98"]
[EventDate "2015.01.23"]
[EventType "swiss"]
[EventRounds "5"]
[EventCountry "ITA"]
[SourceTitle "EXT 2019"]
[Source "ChessBase"]
[SourceDate "2018.10.10"]
[SourceVersion "1"]
[SourceVersionDate "2018.10.10"]
[SourceQuality "1"]

1. e4 d6 2. d4 Nf6 3. Nc3 g6 4. Nf3 Bg7 5. Bg5 h6 6. Bh4 0-0 7. Qd2 c5 8. 0-0-0 cxd4 9. Nxd4 Kh7 10. f4 Bg4 11. Be2 Bxe2 12. Qxe2 Qb6 13. e5 dxe5 14. fxe5 Ng8 15. Rhe1 Nc6 16. Nf3 Rfd8 17. Rxd8 Rxd8 18. Qc4 g5 19. Bxg5 Kh8 20. Bf4 Qf2 21. Qe2 Qc5 22. Qe3 Qxe3+ 23. Rxe3 e6 24. Rd3 Nge7 25. Rxd8+ Nxd8 26. Kd2 h5 27. Ke3 Nf5+ 28. Ke4 Nc6 29. a3 Na5 30. Nd4 Nh4 31. g3 Ng6 32. b3 Kg8 33. Ncb5 a6 34. Nd6 Kf8 35. b4 Nc6 36. Nxc6 bxc6 37. c4 Ke7 38. Bg5+ Kf8 39. Bf6 Bh6 40. a4 Bd2 41. b5 axb5 42. axb5 cxb5 43. cxb5 Ba5 44. Nc4 Bc7 45. b6 Bb8 46. Na5 Ne7 47. Bxe7+ Kxe7 48. Nc6+ Kd7 49. Nxb8+ Kc8 1-0

[Event "Arco op"]
[Site "Arco"]
[Date "2011.12.29"]
[Round "6"]
[White "Pojer, Romeo"]
[Black "Buglisi, Massimo"]
[Result "0-1"]
[WhiteElo "2145"]
[BlackElo "1887"]
[PlyCount "62"]
[EventDate "2011.12.26"]
[EventType "swiss"]
[EventRounds "7"]
[EventCountry "ITA"]
[SourceTitle "EXT 2023"]
[Source "ChessBase"]
[SourceDate "2022.10.05"]
[SourceVersion "1"]
[SourceVersionDate "2022.10.05"]
[SourceQuality "1"]

1. e4 c5 2. Nf3 Nc6 3. Bc4 e6 4. Nc3 Nf6 5. d4 Nxe4 6. Nxe4 d5 7. Bd3 dxe4 8. Bxe4 Nxd4 9. 0-0 Be7 10. Ne5 Qc7 11. f4 0-0 12. c3 Nf5 13. Qc2 f6 14. Nc4 g6 15. g4 Ng7 16. Be3 Rb8 17. f5 b5 18. Bf4 e5 19. Bd5+ Kh8 20. Bh6 bxc4 21. fxg6 Bb7 22. Bxb7 Rxb7 23. gxh7 Bd6 24. Rad1 e4 25. Qxe4 Bxh2+ 26. Kh1 Be5 27. Rd2 Rbb8 28. Rg2 Rfd8 29. Qg6 Ne6 30. g5 Nf4 31. Rxf4 Rd1+ 0-1

[Event "Trento op"]
[Site "Trento"]
[Date "2008.03.29"]
[Round "2"]
[White "Pojer, Romeo"]
[Black "Caldara, Sisto"]
[Result "0-1"]
[WhiteElo "2158"]
[BlackElo "1797"]
[PlyCount "92"]
[EventDate "2008.03.28"]
[EventType "swiss"]
[EventRounds "5"]
[EventCountry "ITA"]
[SourceTitle "EXT 2011"]
[Source "ChessBase"]
[SourceDate "2010.11.26"]
[SourceVersion "1"]
[SourceVersionDate "2010.11.26"]
[SourceQuality "1"]

1. e4 d6 2. d4 Nf6 3. Nc3 c6 4. f4 Qa5 5. Bd3 e5 6. dxe5 dxe5 7. f5 Nbd7 8. Nf3 g6 9. Qe2 b5 10. Bd2 b4 11. Nd1 Qc7 12. Ne3 a5 13. 0-0 Bc5 14. Kh1 Bxe3 15. Bxe3 Bb7 16. Ng5 Rf8 17. Bc4 c5 18. fxg6 hxg6 19. Bxf7+ Rxf7 20. Nxf7 Kxf7 21. Bg5 Ba6 22. Qf2 Bxf1 23. Rxf1 Qc6 24. Qh4 Rg8 25. Kg1 c4 26. g4 Qb6+ 27. Kg2 Qc6 28. Bxf6 Qxe4+ 29. Kg1 Ke6 30. Rf2 Rf8 31. Bd8 Qe1+ 32. Kg2 Qe4+ 33. Kf1 Rxf2+ 34. Qxf2 Qxg4 35. Bxa5 Qd1+ 36. Kg2 Qd5+ 37. Qf3 Qxa5 38. Qg4+ Ke7 39. Qxc4 Qa8+ 40. Kg3 Qb8 41. Kg4 e4 42. Qxe4+ Ne5+ 43. Kf4 Kf6 44. Qd4 Qc7 45. Ke3 Ke6 46. Qxb4 Qa7+ 0-1

[Event "Padova Weekend op-B 8th"]
[Site "Padova"]
[Date "2005.12.18"]
[Round "6.3"]
[White "Quaranta, Cristiano"]
[Black "Pojer, Romeo"]
[Result "1-0"]
[WhiteElo "2026"]
[BlackElo "2153"]
[PlyCount "89"]
[EventDate "2005.12.10"]
[EventType "swiss"]
[EventRounds "6"]
[EventCountry "ITA"]
[SourceTitle "EXT 2024"]
[Source "ChessBase"]
[SourceDate "2023.10.10"]
[SourceVersion "1"]
[SourceVersionDate "2023.10.10"]
[SourceQuality "1"]

1. d4 Nf6 2. Bg5 Ne4 3. Bf4 c5 4. f3 Nf6 5. d5 Qb6 6. Bc1 g6 7. c4 Bg7 8. Nc3 d6 9. e4 0-0 10. Be2 e6 11. Bf4 Qxb2 12. Nb5 Ne8 13. Rb1 Qxa2 14. Nxd6 Nxd6 15. Bxd6 Re8 16. Bxc5 Na6 17. Be3 exd5 18. cxd5 f5 19. Qd3 fxe4 20. fxe4 Rxe4 21. Qxe4 Bf5 22. Bc4 Qxb1+ 23. Qxb1 Bxb1 24. Nf3 Bc3+ 25. Kf2 Be4 26. Rd1 Kg7 27. d6 Bc6 28. Nd4 Bd7 29. Rc1 Nc5 30. Kg1 Ba5 31. Rf1 Bb6 32. Rf7+ Kh8 33. Nf3 Be6 34. Bxe6 Nxe6 35. Bxb6 axb6 36. Re7 Ng7 37. Rxb7 Ra1+ 38. Kf2 Ra2+ 39. Kf1 Ra1+ 40. Ke2 Ra2+ 41. Kd3 Ne6 42. Rxb6 Kg7 43. d7 Nc5+ 44. Ke3 Nxd7 45. Rb7 1-0

[Event "Padova Weekend op-B 8th"]
[Site "Padova"]
[Date "2005.12.11"]
[Round "2.19"]
[White "Di Mauro, Valerio"]
[Black "Pojer, Romeo"]
[Result "0-1"]
[WhiteElo "1526"]
[BlackElo "2153"]
[PlyCount "46"]
[EventDate "2005.12.10"]
[EventType "swiss"]
[EventRounds "6"]
[EventCountry "ITA"]
[SourceTitle "EXT 2024"]
[Source "ChessBase"]
[SourceDate "2023.10.10"]
[SourceVersion "1"]
[SourceVersionDate "2023.10.10"]
[SourceQuality "1"]

1. e4 e5 2. Nf3 Nc6 3. d4 exd4 4. Bc4 Nf6 5. e5 d5 6. Bb5 Ne4 7. 0-0 Bc5 8. Nxd4 0-0 9. Bxc6 bxc6 10. b4 Bb6 11. a4 Ba6 12. Re1 Nxf2 13. Kxf2 Qh4+ 14. Kg1 Bxd4+ 15. Be3 Bxa1 16. c3 Rfe8 17. Bd4 f6 18. Nd2 Bb2 19. e6 Bc4 20. Re3 a5 21. Rh3 Qg5 22. Qc2 Rxe6 23. Nf3 Qc1+ 0-1

[Event "Arco op 27th"]
[Site "Arco"]
[Date "2005.10.26"]
[Round "5"]
[White "Pojer, Romeo"]
[Black "Zagrebelny, Sergey"]
[Result "0-1"]
[WhiteElo "2153"]
[BlackElo "2513"]
[PlyCount "88"]
[EventDate "2005.10.22"]
[EventType "swiss"]
[EventRounds "9"]
[EventCountry "ITA"]
[SourceTitle "EXT 2006"]
[Source "ChessBase"]
[SourceDate "2005.11.24"]
[SourceVersion "1"]
[SourceVersionDate "2005.11.24"]
[SourceQuality "1"]

1. e4 c5 2. Nf3 d6 3. d4 Nf6 4. Nc3 cxd4 5. Nxd4 a6 6. Bc4 e6 7. Bb3 Be7 8. Qe2 0-0 9. Be3 b5 10. a3 Bb7 11. f3 Nc6 12. Nxc6 Bxc6 13. 0-0 Qc7 14. Rad1 Rfb8 15. Kh1 a5 16. Rfe1 b4 17. axb4 axb4 18. Nb1 d5 19. Nd2 dxe4 20. fxe4 Rd8 21. Bf2 Qb7 22. Rb1 Rd7 23. Bg1 Rad8 24. Rbd1 Nxe4 25. Nxe4 Rxd1 26. Rxd1 Rxd1 27. Qxd1 Bxe4 28. Qe2 Bf6 29. Qd2 h6 30. Bc5 Qb5 31. Qe1 Bxg2+ 32. Kxg2 Qxc5 33. Qe4 Bxb2 34. Bc4 g6 35. h4 Qd4 36. Qxd4 Bxd4 37. h5 g5 38. Kf3 Bc3 39. Ke3 Kf8 40. Kf3 Ke7 41. Ke3 f5 42. Kf3 e5 43. Bd5 Kf6 44. Kg3 g4 0-1

[Event "Pedavena op 1st"]
[Site "Pedavena"]
[Date "2005.08.05"]
[Round "5"]
[White "Pojer, Romeo"]
[Black "Cacco, Christian"]
[Result "0-1"]
[WhiteElo "2160"]
[BlackElo "2348"]
[PlyCount "106"]
[EventDate "2005.08.03"]
[EventType "swiss"]
[EventRounds "6"]
[EventCountry "ITA"]
[SourceTitle "EXT 2007"]
[Source "ChessBase"]
[SourceDate "2006.11.23"]
[SourceVersion "1"]
[SourceVersionDate "2006.11.23"]
[SourceQuality "1"]

1. e4 g6 2. d4 Bg7 3. Nc3 d6 4. Be3 a6 5. Nf3 Nf6 6. Qd2 b5 7. Bd3 Ng4 8. Bg5 h6 9. Bh4 Bb7 10. h3 Nf6 11. e5 b4 12. Ne2 Nd5 13. e6 fxe6 14. Bxg6+ Kd7 15. c4 bxc3 16. bxc3 Nb6 17. Nf4 Qf8 18. Qe3 Bd5 19. Bd3 Qf7 20. Nxd5 Nxd5 21. Qe4 Nc6 22. c4 Nf4 23. 0-0 Rhf8 24. Rae1 Rab8 25. Bg3 Nxd3 26. Qxd3 Qf5 27. Qc3 Rb4 28. Rc1 Rfb8 29. Rfd1 Rb1 30. d5 Nd8 31. Kh2 Rxc1 32. Qxc1 Rb2 33. Rd2 Qb1 34. Qxb1 Rxb1 35. c5 exd5 36. cxd6 cxd6 37. Rxd5 Rb5 38. Rd2 Nc6 39. Bf4 e5 40. Bg3 d5 41. Nh4 Bf6 42. Nf5 Ke6 43. Ne3 d4 44. Nc4 Rc5 45. Nb2 e4 46. Re2 Kd5 47. f3 e3 48. Nd3 Rc3 49. Nf4+ Kc4 50. Be1 Be5 51. g3 Bxf4 52. Bxc3 Kxc3 53. gxf4 Kd3 0-1

[Event "Pedavena op 1st"]
[Site "Pedavena"]
[Date "2005.08.05"]
[Round "4"]
[White "Quaranta, Cristiano"]
[Black "Pojer, Romeo"]
[Result "0-1"]
[WhiteElo "2026"]
[BlackElo "2160"]
[PlyCount "72"]
[EventDate "2005.08.03"]
[EventType "swiss"]
[EventRounds "6"]
[EventCountry "ITA"]
[SourceTitle "EXT 2007"]
[Source "ChessBase"]
[SourceDate "2006.11.23"]
[SourceVersion "1"]
[SourceVersionDate "2006.11.23"]
[SourceQuality "1"]

1. d4 Nf6 2. Bg5 Ne4 3. Bf4 c5 4. f3 Nf6 5. d5 d6 6. c4 g6 7. Nc3 Bg7 8. e4 0-0 9. Qd2 a6 10. Be2 Nbd7 11. Nh3 Ne5 12. Nf2 Qa5 13. Qc1 b5 14. Bxe5 dxe5 15. 0-0 Rb8 16. b3 Ne8 17. Ncd1 Qb6 18. Qe3 Nd6 19. Nb2 Bd7 20. Rac1 Rfc8 21. Nfd3 f5 22. Kh1 f4 23. Qf2 b4 24. Rfd1 a5 25. Ra1 a4 26. Qe1 a3 27. Na4 Bxa4 28. bxa4 Nxc4 29. Nxf4 Nd6 30. Ne6 c4 31. Nxg7 Kxg7 32. Rdc1 b3 33. axb3 cxb3 34. Rxa3 Rxc1 35. Qxc1 b2 36. Qb1 Rc8 0-1

[Event "Alta Padovana op 5th"]
[Site "Loreggia"]
[Date "2005.02.25"]
[Round "1"]
[White "Pojer, Romeo"]
[Black "Ricci, Alfredo"]
[Result "1-0"]
[WhiteElo "2127"]
[BlackElo "1981"]
[PlyCount "62"]
[EventDate "2005.02.25"]
[EventType "swiss"]
[EventRounds "5"]
[EventCountry "ITA"]
[SourceTitle "EXT 2007"]
[Source "ChessBase"]
[SourceDate "2006.11.23"]
[SourceVersion "1"]
[SourceVersionDate "2006.11.23"]
[SourceQuality "1"]

1. e4 c5 2. Nf3 e6 3. d4 cxd4 4. Nxd4 a6 5. Nc3 Qc7 6. g3 Nf6 7. Bg2 d6 8. 0-0 Nbd7 9. Re1 Be7 10. a4 0-0 11. h3 Rb8 12. f4 Re8 13. Kh1 Bf8 14. e5 dxe5 15. fxe5 Nd5 16. Nxd5 exd5 17. Bf4 Nxe5 18. Nf3 f6 19. Nxe5 fxe5 20. Rxe5 Rxe5 21. Qxd5+ Be6 22. Qxe5 Qxe5 23. Bxe5 Rd8 24. Bf4 Bd5 25. h4 h5 26. Re1 Bxg2+ 27. Kxg2 Kf7 28. Kf3 Be7 29. Rxe7+ Kxe7 30. Bg5+ Kd7 31. Bxd8 Kxd8 1-0

[Event "Riva del Garda op 2nd"]
[Site "Riva del Garda"]
[Date "2004.12.28"]
[Round "4"]
[White "Brunello, Sabino"]
[Black "Pojer, Romeo"]
[Result "1-0"]
[WhiteElo "2258"]
[BlackElo "2127"]
[PlyCount "55"]
[EventDate "2004.12.26"]
[EventType "swiss"]
[EventRounds "7"]
[EventCountry "ITA"]
[SourceTitle "CBM 104 Extra"]
[Source "ChessBase"]
[SourceDate "2005.03.01"]
[SourceVersion "1"]
[SourceVersionDate "2005.03.01"]
[SourceQuality "1"]

1. e4 d6 2. d4 Nf6 3. Nc3 g6 4. f3 Bg7 5. Be3 c6 6. Qd2 b5 7. 0-0-0 b4 8. Nce2 a5 9. Bh6 Bxh6 10. Qxh6 Qc7 11. g4 Nbd7 12. g5 Nh5 13. Ng3 Nf4 14. N1e2 d5 15. e5 Ne6 16. Bh3 Nb6 17. f4 c5 18. f5 gxf5 19. Nxf5 cxd4 20. Ng7+ Nxg7 21. Qxg7 Bxh3 22. Qxh8+ Kd7 23. Qxh7 Bg2 24. Qf5+ Ke8 25. g6 Be4 26. Qxf7+ Kd8 27. Nxd4 Bxg6 28. Qxg6 1-0

[Event "Asolo op 2nd"]
[Site "Asolo"]
[Date "2002.01.26"]
[Round "3"]
[White "Navarro, Stefano"]
[Black "Pojer, Romeo"]
[Result "1-0"]
[WhiteElo "2148"]
[BlackElo "2116"]
[PlyCount "81"]
[EventDate "2002.01.25"]
[EventType "swiss"]
[EventRounds "5"]
[EventCountry "ITA"]
[SourceTitle "EXT 2024"]
[Source "ChessBase"]
[SourceDate "2023.10.10"]
[SourceVersion "1"]
[SourceVersionDate "2023.10.10"]
[SourceQuality "1"]

1. e4 d6 2. d4 Nf6 3. Nc3 g6 4. f3 c6 5. Be3 b5 6. a3 Nbd7 7. Nge2 Bg7 8. Qd2 Nb6 9. Ng3 h5 10. Be2 h4 11. Nf1 Rb8 12. Rb1 a6 13. Qd1 Qc7 14. Nd2 c5 15. Nb3 b4 16. Na2 Na4 17. c3 bxa3 18. bxa3 0-0 19. d5 e6 20. c4 exd5 21. exd5 Re8 22. Kf2 Qe7 23. Qd2 Bf5 24. Bd3 Nb6 25. Rhc1 Qxe3+ 26. Qxe3 Rxe3 27. Bxf5 Nxc4 28. Nd2 Rbe8 29. Nxc4 Re2+ 30. Kf1 gxf5 31. Nc3 R2e7 32. Nxd6 Rd8 33. Nxf5 Re5 34. Nxh4 Nxd5 35. Ne4 Ne3+ 36. Kf2 Rh5 37. g3 Bd4 38. Ke2 f5 39. Nxc5 Re8 40. Kd3 Rd8 41. Ne6 1-0

[Event "Bassano del Grappa op"]
[Site "Bassano del Grappa"]
[Date "1998.??.??"]
[Round "3"]
[White "Dervishi, Erald"]
[Black "Pojer, Romeo"]
[Result "1-0"]
[WhiteElo "2450"]
[BlackElo "2065"]
[PlyCount "41"]
[EventDate "1998.??.??"]
[EventType "swiss"]
[EventRounds "6"]
[EventCountry "ITA"]
[SourceTitle "EXT 2000"]
[Source "ChessBase"]
[SourceDate "1999.11.16"]
[SourceVersion "1"]
[SourceVersionDate "1999.11.16"]
[SourceQuality "1"]

1. e4 d6 2. d4 Nf6 3. Nc3 g6 4. Nf3 Bg7 5. Be2 0-0 6. 0-0 Nc6 7. d5 Nb8 8. h3 c5 9. Be3 Na6 10. Nd2 Nc7 11. a4 b6 12. f4 e6 13. Bf3 exd5 14. exd5 Re8 15. Re1 Bb7 16. Nc4 Ba6 17. Qd3 Rxe3 18. Rxe3 Nfxd5 19. Nxd5 Nxd5 20. Qxd5 Bxc4 21. Qxa8 1-0

[Event "Bassano del Grappa op"]
[Site "Bassano del Grappa"]
[Date "1998.??.??"]
[Round "1"]
[White "Pojer, Romeo"]
[Black "Everet, Alexandro"]
[Result "1-0"]
[WhiteElo "2065"]
[BlackElo "2290"]
[PlyCount "59"]
[EventDate "1998.??.??"]
[EventType "swiss"]
[EventRounds "6"]
[EventCountry "ITA"]
[SourceTitle "EXT 2000"]
[Source "ChessBase"]
[SourceDate "1999.11.16"]
[SourceVersion "1"]
[SourceVersionDate "1999.11.16"]
[SourceQuality "1"]

1. e4 g6 2. d4 Bg7 3. Nc3 d6 4. Be3 Nf6 5. Qd2 c6 6. f3 0-0 7. 0-0-0 Re8 8. g4 b5 9. h4 Qa5 10. Kb1 b4 11. Nce2 Be6 12. Nc1 Na6 13. h5 Reb8 14. hxg6 fxg6 15. Nh3 Bxg4 16. Nb3 Qa4 17. fxg4 Nc7 18. Nf2 Nb5 19. g5 Nd7 20. Bc4+ d5 21. exd5 Nd6 22. Qe2 Nb6 23. Nc5 Qa5 24. Bb3 cxd5 25. Bf4 Re8 26. Qe6+ Nf7 27. Ng4 Rad8 28. Nh6+ Bxh6 29. Rxh6 Nc4 30. Rxh7 1-0

[Event "Bassano del Grappa op"]
[Site "Bassano del Grappa"]
[Date "1998.??.??"]
[Round "4"]
[White "Ventura, Boris"]
[Black "Pojer, Romeo"]
[Result "1-0"]
[WhiteElo "2115"]
[BlackElo "2065"]
[PlyCount "73"]
[EventDate "1998.??.??"]
[EventType "swiss"]
[EventRounds "6"]
[EventCountry "ITA"]
[SourceTitle "EXT 2000"]
[Source "ChessBase"]
[SourceDate "1999.11.16"]
[SourceVersion "1"]
[SourceVersionDate "1999.11.16"]
[SourceQuality "1"]

1. e4 c5 2. Nf3 d6 3. d4 cxd4 4. Nxd4 Nf6 5. Nc3 g6 6. f3 Bg7 7. Be3 0-0 8. Qd2 Nc6 9. Bc4 Bd7 10. h4 Ne5 11. Bb3 Qa5 12. 0-0-0 Rfc8 13. h5 Nxh5 14. g4 Nf6 15. Bh6 Bh8 16. Kb1 Nc4 17. Bxc4 Rxc4 18. Nd5 Qd8 19. Be3 e6 20. Nxf6+ Bxf6 21. Qh2 Qb6 22. Qxh7+ Kf8 23. Nxe6+ Bxe6 24. Bxb6 axb6 25. a3 Ke7 26. Qh2 Rc6 27. Qe2 Bc4 28. Qe3 Ra5 29. f4 Rb5 30. e5 dxe5 31. g5 Bg7 32. Rh7 Bf8 33. a4 Rbc5 34. b4 Rd5 35. Rxd5 Bxd5 36. Qxe5+ Be6 37. f5 1-0